Normal view
MARC view
Entry Personal Name
001 - CONTROL NUMBER
- control field: 22256
003 - CONTROL NUMBER IDENTIFIER
- control field: ARRUPE
005 - DATE AND TIME OF LATEST TRANSACTION
- control field: 20160211085805.0
008 - FIXED-LENGTH DATA ELEMENTS
- fixed length control field: 160211|| aca||aabn | a|a d
040 ## - CATALOGING SOURCE
- Original cataloging agency: ARRUPE
- Transcribing agency: ARRUPE
100 ## - HEADING--PERSONAL NAME
- Personal name: Malcolm, D. Mck and Sikakana, J.M.A.
670 ## - SOURCE DATA FOUND
- Source citation: Work cat.: (ARRUPE)62101: Doke, Clement Marilyn 22253, English-Zulu dictionary